000 00596nam a2200181Ia 4500
005 20250508152248.0
008 008 250505s9999 xx 000 0 eng d
037 _aTextual
040 _aFEDL
_beng
_cFEDL
041 _aeng
_2eng
084 _a307, DEB
_qFEDL
100 _aDe Bie Pierre
_9349848
245 0 _aUniversity teaching of social sciences : Sociology, social psychology and anthropology
260 _aParis, France
_bUnited Nations Educational, Scientific and Cultural Organization
_c1954
300 _a252p.
942 _cTEXL
_h307, DEB
999 _c1335368
_d1335368